000 01128cam a22002054a 4500
005 20250605163938.0
008 250528s ||||||||||||||||||||||||d
035 _a14945
020 _a13488941
040 _aGR-AtMCL
_bgre
_dGR-AtMCL
_eAACR2
245 1 _aSystems Analysis and Design / Second Edition
250 _a2nd
260 _bPrentice Hall,
_c1991
300 _a388
520 _aThis book stresses structural modeling techniques for data flows and processes and shows how these can be integrated into systems design methodologies. Preface, The System Design Environment, Typical Information Systems, Problem Solving Steps, Gathering Information, Starting a Project, Data Flow Diagrams, Describing Data, Advanced Modeling Methods, Process Descriptions, Documentation, Designing the New System, Detailed System Design, Relational Analysis, Database Design, Program Design, Practical Design Methodologies, Alternative Life Cycles, Project Management, Strategic Planning, Project Reviews and Walkthroughs, Bibliography, Index.
700 1 _aHawryszkiewycz I.T
_9756
942 _cBK
999 _c554
_d554